| 000 | 01012 a2200229 4500 | ||
|---|---|---|---|
| 001 | 40485 | ||
| 005 | 20260407155659.0 | ||
| 008 | 260407a2015 arg spa d | ||
| 003 | AR-UNSa-BCEJYS | ||
| 040 |
_aAR-UNSa-BCEJYS _bspa _cAR-UNSa-BCEJYS |
||
| 080 |
_a351.72 _xFinanzas públicas. Legislación (Contabilidad Pública, Administración financiera...) |
||
| 245 | 1 | 0 | _aTesoro público y administración financiera |
| 020 | _a978-987-716-033-8 | ||
| 264 | 1 |
_aBuenos Aires : _bOsmar D. Buyatti _c2015 |
|
| 300 |
_a86 p. _c22 cm. |
||
| 505 | _a1. Tesoro público - 2. La organización de los tesoros modernos - 3. La programación financiera - 4. Caracterización de las reformas recientes en las tesorerías de América Latina - 5. Etica y responsabilidad social - 6. En perspectiva | ||
| 041 | _aspa | ||
| 942 | _cBK | ||
| 590 | _aniveau_biblio:m niveau_hierar:0 | ||
| 100 | 1 | _aDomper, Jorge Horacio | |
| 856 | 4 | 1 |
_uhttps://biblioeco.unsa.edu.ar/pmb/images/libros/L126014.jpg _yImagen de portada _qimage/jpeg |
| 999 |
_c3236 _d3236 |
||